La conquista de la felicidad / (Record no. 188251)

MARC details
000 -LEADER
campo de control de longitud fija 00663nam a2200193 i 4500
001 - NÚMERO DE CONTROL
campo de control 188251
003 - IDENTIFICADOR DE NÚMERO DE CONTROL
campo de control ES-MaACL
005 - FECHA Y HORA DE LA ÚLTIMA TRANSACCIÓN
campo de control 20250807071936.0
008 - DATOS DE LONGITUD FIJA--INFORMACIÓN GENERAL
campo de control de longitud fija 180718s1931 sp |||| | spa d
100 1# - ENTRADA PRINCIPAL--NOMBRE DE PERSONA
Nombre de persona Russell, Bertrand,
Fechas asociadas al nombre 1872-1970
9 (RLIN) 101033
245 13 - MENCIÓN DEL TÍTULO
Título La conquista de la felicidad /
Mención de responsabilidad, etc. Bertrand Russell ; traductor: Julio Huici.
250 ## - MENCION DE EDICION
Mención de edición 1ª ed.
260 ## - PUBLICACIÓN, DISTRIBUCIÓN, ETC.
Lugar de publicación, distribución, etc. Madrid [etc] :
Nombre del editor, distribuidor, etc. Espasa-Calpe,
Fecha de publicación, distribución, etc. 1931.
300 ## - DESCRIPCIÓN FÍSICA
Extensión 256 p. ;
Dimensiones 20 cm.
650 07 - PUNTO DE ACCESO ADICIONAL DE MATERIA--TÉRMINO DE MATERIA
Término de materia o nombre geográfico como elemento de entrada Felicidad
Fuente del encabezamiento o término embne
9 (RLIN) 12743
700 0# - ENTRADA AGREGADA--NOMBRE PERSONAL
Nombre de persona Huici, Julio.
9 (RLIN) 64659
852 ## - LOCALIZACIÓN
Ubicación ES-MaACL
Número de control de estantería L-32101
Nota libre .- Donat. herederos de la bibl. de Mª del Pilar Costa Palacín
Holdings
Estatus retirado Estado de pérdida Estado de daño No para préstamo Biblioteca de origen Biblioteca actual Ubicación en estantería Fecha de adquisición Fuente de adquisición Total de préstamos Signatura topográfica completa Código de barras Visto por última vez Precio de reemplazo Tipo de ítem Koha
        Biblioteca del Ateneo de Madrid Biblioteca del Ateneo de Madrid Depósito 2 18/07/2018     L-32101 1199109 23/02/2023 23/02/2023 Libro impreso